| 000 | 01064nam a22003137i 4500 | ||
|---|---|---|---|
| 999 |
_c200429441 _d47365 |
||
| 001 | 200429441 | ||
| 003 | TR-AnTOB | ||
| 005 | 20190711133641.0 | ||
| 007 | ta | ||
| 008 | 180411s2002 xxu 000 0 tur d | ||
| 040 |
_aTR-AnTOB _beng _erda _cTR-AnTOB |
||
| 041 | 0 | _atur | |
| 050 | 0 | _aD589 | |
| 090 |
_aD589 _b.S6 2002 |
||
| 245 | 1 | 0 |
_a100 soruda Mudanya ve Lozan / _cGenelkurmay Askeri Tarih ve Stratejik Etüt Başkanlığı. |
| 246 | _aYüz soruda Mudanya ve Lozan | ||
| 264 | 1 |
_aAnkara : _bGenelkurmay Askeri Tarih ve Stratejik Etüt Başkanlığı Yayınları, _c2002. |
|
| 300 |
_a92 pages ; _c20 cm. |
||
| 336 |
_atext _2rdacontent _btxt |
||
| 337 |
_aunmediated _2rdamedia _bn |
||
| 338 |
_avolume _2rdacarrier _bnc |
||
| 490 | 0 |
_aGenel Kurmay Basımevi ; _v2002/7 |
|
| 590 | _aDonated by Levent Kuşoğlu | ||
| 630 | 0 |
_aLozan Antlaşması _d(1923) _9119868 |
|
| 630 | 0 | 0 |
_aTreaty of Lausanne _912367 |
| 710 |
_aTürkiye. _bAskeri Tarih ve Stratejik Etüt Başkanlığı _940284 |
||
| 942 |
_2lcc _cBK |
||